000 007240000a22001210004500
773 0 _tArcadia / Andrés Felipe Solano, Editor
100 1 _aWiener, Gabriela
245 1 0 _aUn teatro con sentido : Nueva obra del director colombiano Enrique Vargas
300 _aVol.0, núm.9 (Junio, 2006), Páginas 22-23
500 _aPeriodista peruana.
520 _aHa montado nueve obras en Europa y ya van siete premios internacionales, desde el Premio Nacional de Dramaturgia de Colombia hasta el Max a las Nuevas Tendencias en Barcelona. Le contamos quién es Enrique Vargas, este dramaturgo excéntrico que entre el 30 de junio y el 16 de julio presentará su nueva obra, El eco de la sombra, en la ciudad de Gaudí.
942 _cANA
999 _c61789
_d61789